Statistics for Guatemala Departments Capital Cities Quiz

Click here to take the quiz!

General Stats

  • This quiz has been taken 174 times
  • The average score is 15 of 22

Answer Stats

HintAnswer% Correct
GuatemalaGuatemala City
89%
ZacapaZacapa
84%
ChimaltenangoChimaltenango
82%
HuehuetenangoHuehuetenango
79%
JalapaJalapa
79%
SololáSololá
79%
EscuintlaEscuintla
74%
QuetzaltenangoQuetzaltenango
74%
San MarcosSan Marcos
71%
ChiquimulaChiquimula
68%
PeténFlores
68%
JutiapaJutiapa
68%
TotonicapánTotonicapán
68%
SacatepéquezAntigua Guatemala
66%
RetalhuleuRetalhuleu
66%
Alta VerapazCobán
63%
IzabalPuerto Barrios
58%
Baja VerapazSalamá
53%
El ProgresoGuastatoya
50%
QuichéSanta Cruz del Quiché
47%
SuchitepéquezMazatenango
42%
Santa RosaCuilapa
32%

Score Distribution

Percentile by Number Answered

Percent of People with Each Score

Your Score History

You have not taken this quiz